唯一の駅→市町村 - Statistics

General Stats
  • This quiz has been taken 151 times
  • The average score is 23 of 57
Answer Stats
駅名 都道府県 Answer % Correct
洞爺駅 北海道 洞爺湖町
81%
飛鳥駅 奈良県 明日香村
79%
横芝駅 千葉県 横芝光町
78%
新白河駅 福島県 西郷村
77%
吉野ケ里公園駅 佐賀県 吉野ヶ里町
75%
鵡川駅 北海道 むかわ町
71%
石動駅 富山県 小矢部市
67%
矢幅駅 岩手県 矢巾町
65%
上福岡駅 埼玉県 ふじみ野市
62%
法隆寺駅 奈良県 斑鳩町
61%
箱根ケ崎駅 東京都 瑞穂町
58%
内海駅 愛知県 南知多町
53%
愛知川駅 滋賀県 愛荘町
52%
若狭本郷駅 福井県 おおい町
47%
向洋駅 広島県 府中町
46%
神保原駅 埼玉県 上里町
45%
安食駅 千葉県 栄町
44%
左沢駅 山形県 大江町
44%
聖高原駅 長野県 麻績村
44%
朝来駅 和歌山県 上富田町
42%
八積駅 千葉県 長生村
41%
羽鳥駅 茨城県 小美玉市
39%
日生中央駅 兵庫県 猪名川町
38%
明覚駅 埼玉県 ときがわ町
38%
目時駅 青森県 三戸町
38%
柳瀬川駅 埼玉県 志木市
38%
野崎駅 栃木県 大田原市
37%
藤並駅 和歌山県 有田川町
36%
熊山駅 岡山県 赤磐市
35%
三つ峠駅 山梨県 西桂町
35%
大野駅 福島県 大熊町
34%
丹荘駅 埼玉県 神川町
34%
勝瑞駅 徳島県 藍住町
33%
尼子駅 滋賀県 甲良町
31%
羽前豊里駅 山形県 鮭川村
31%
忍ケ丘駅 大阪府 四條畷市
31%
土佐久礼駅 高知県 中土佐町
31%
和佐駅 和歌山県 日高川町
30%
上麻生駅 岐阜県 七宗町
29%
芦沢駅 山形県 尾花沢市
28%
上有住駅 岩手県 住田町
28%
笈川駅 福島県 湯川村
27%
箸尾駅 奈良県 広陵町
27%
川俣駅 群馬県 明和町
26%
紀伊内原駅 和歌山県 日高町
26%
牟礼駅 長野県 飯綱町
26%
小沢駅 北海道 共和町
25%
田丸駅 三重県 玉城町
25%
中原駅 佐賀県 みやき町
25%
松久駅 埼玉県 美里町
25%
備後三川駅 広島県 世羅町
24%
藪原駅 長野県 木祖村
22%
海老津駅 福岡県 岡垣町
20%
木葉駅 熊本県 玉東町
19%
下鴨生駅 福岡県 嘉麻市
19%
伊那田島駅 長野県 中川村
16%
川村駅 熊本県 相良村
13%
No matching quizzes found
Score Distribution
Percent of People with Each Score
Percentile by Number Answered
Your Score History
You have not taken this quiz